Villes qu'on mange - Statistiques

Statistiques générales
  • Ce quiz a été pris 2 864 fois
  • Le résultat moyen est 10 sur 16
Statistiques - réponses
Pays On le mange % Correct
France Moutarde de {Dijon}
100%
Belgique Choux de {Bruxelles}
99%
France Piment d'{Espelette}
94%
France Champignon de {Paris}
93%
France Paris-{Brest}
93%
Belgique Gaufre de {Liège}
79%
Italie Jambon de {Parme}
77%
France Sel de {Guérande}
75%
Japon Boeuf de {Kobe}
69%
Autriche Saucisse de {Vienne}
65%
Chine Canard laqué de {Pékin}
60%
Allemagne Boule de {Berlin}
43%
France Poivre de {Cayenne}
38%
France Crème {Chantilly}
28%
Autriche Tourte de {Linz}
12%
Grèce Olive de {Kalamata}
11%
Aucun quiz correspondant
Distribution des résultats
% des personnes avec chaque résultat
Percentile par nombre de réponses
Votre historique - résultats
Vous n’avez pas pris ce quiz